000 00525nam a2200181 i 4500
001 131301
003 ES-MaACL
005 20251011063132.0
007 t|
008 070214s1932 sp r ||||1| spa d
100 0 _aAntoniorrobles,
_d1897-1983
_921991
245 1 0 _aTorerito soberbio
_b: (novela) /
_cAntonio Robles.
260 _aMadrid :
_bBiblioteca Nueva,
_c1932.
300 _a284 p. :
_bil. ;
_c19 cm.
593 _aSeudónimo de Antonio Robles.
852 _aES-MaACL
_jA-1131
999 _c131301
_d131301